Diseño de un intercambiador de calor para el horno de cubilote

Bewaard in:
Bibliografische gegevens
Hoofdauteur: Gamboa A, Johnny
Andere auteurs: Nassar C, Luis Gerardo
Formaat: Onbekend
Gepubliceerd in: [San José , Costa Rica] 1977
Tags: Voeg label toe
Geen labels, Wees de eerste die dit record labelt!

MARC

LEADER 00000 a2200000 4500
003 001707
005 20221231143745.0
008 140114s1977 cr a m 000 ||s d
040 |c cru CEDI 
090 |a TFG 1099 
100 |a Gamboa A, Johnny  |9 15756 
245 |a Diseño de un intercambiador de calor para el horno de cubilote 
260 |c 1977  |a [San José , Costa Rica] 
300 |a 72 hojas 
500 |a Proyecto de graduación. IM-410 (bachillerato en ingeniería mecánica)--Universidad de Costa Rica. Facultad de Ingeniería. Escuela de Ingeniería Mecánica.  
700 |9 15688  |a Nassar C, Luis Gerardo 
942 |c TFG 
999 |c 11352  |d 11352